| 000 | 01279nam a2200313Ia 4500 | ||
|---|---|---|---|
| 001 | ebr10309185 | ||
| 003 | CaPaEBR | ||
| 006 | m u | ||
| 007 | cr cn||||||||| | ||
| 008 | 080924s2009 ilu sb 000 0 eng d | ||
| 010 | _z 2008041917 | ||
| 020 | _z9781567933031 (alk. paper) | ||
| 040 |
_aCaPaEBR _cCaPaEBR |
||
| 035 | _a(OCoLC)506071844 | ||
| 050 | 1 | 4 |
_aRA971.35 _b.A83 2009eb |
| 100 | 1 |
_aAtchison, Thomas A., _d1945- |
|
| 245 | 1 | 0 |
_aLeading healthcare cultures _h[electronic resource] : _bhow human capital drives financial performance / _cTom Atchison and Greg Carlson. |
| 260 |
_aChicago : _bHealth Administration Press, _cc2009. |
||
| 300 | _a52 p. | ||
| 504 | _aIncludes bibliographical references. | ||
| 533 |
_aElectronic reproduction. _bPalo Alto, Calif. : _cebrary, _d2009. _nAvailable via World Wide Web. _nAccess may be limited to ebrary affiliated libraries. |
||
| 650 | 0 |
_aHealth facilities _xPersonnel management. |
|
| 650 | 0 |
_aHealth facilities _xFinance. |
|
| 650 | 0 | _aCorporate culture. | |
| 655 | 7 |
_aElectronic books. _2local |
|
| 700 | 1 |
_aCarlson, Greg _q(Gregory), _d1953- |
|
| 710 | 2 | _aebrary, Inc. | |
| 856 | 4 | 0 |
_uhttp://site.ebrary.com/lib/rucke/Doc?id=10309185 _zAn electronic book accessible through the World Wide Web; click to view |
| 999 |
_c160846 _d160846 |
||